[Event "Niedersachsen-ch op"]
[Site "Verden"]
[Date "2009.01.05"]
[Round "5"]
[White "Knobel, Joachim"]
[Black "Stummeyer, Dieter"]
[Result "0-1"]
[WhiteElo "1351"]
[BlackElo "1747"]
[PlyCount "62"]
[EventDate "2009.01.03"]
[EventType "swiss"]
[EventRounds "7"]
[EventCountry "GER"]
[SourceTitle "EXT 2012"]
[Source "ChessBase"]
[SourceDate "2011.11.24"]
[SourceVersion "1"]
[SourceVersionDate "2011.11.24"]
[SourceQuality "1"]

1. e4 c5 2. Nf3 Nc6 3. d4 cxd4 4. Nxd4 Nf6 5. Nc3 e6 6. Bg5 Qa5 7. Bxf6 gxf6 8. Nxc6 bxc6 9. Be2 Rb8 10. Qc1 Bb4 11. Qd2 Ba6 12. Bxa6 Qxa6 13. a3 d5 14. Rd1 Bd6 15. Qc1 Ke7 16. exd5 cxd5 17. Qe3 Kd7 18. Rb1 Rhc8 19. Qd2 Be5 20. Qe2 Bxc3+ 21. Kd1 Qxe2+ 22. Kxe2 Bxb2 23. g4 Rxc2+ 24. Kf3 Rb3+ 25. Kg2 Rxa3 26. Rhe1 Ra2 27. Rf1 Kc6 28. Kh3 Bd4 29. Rfc1 Bxf2 30. Ra1 Bc5 31. Rxc2 Rxc2 0-1